000 00350 a2200169 4500
001 163408
020 _a85-08-05905-1
040 _cMagnum
100 _aFrança, Mary
240 1 0 _aO rato de chapéu
_lpor
245 1 0 _aO rato de chapéu
300 _a12
362 0 _a1998
440 1 _aÁtica
697 _aLITERATURA INFANTIL
942 _cBK
999 _c163408
_d163408